Một số chuyên đề lịch sử Việt Nam

Сохранить в:
Библиографические подробности
Другие авторы: Trần Bá Đệ (ch.b), Nguyễn Cảnh Minh, Đào Tố Uyên..
Формат:
Язык:Vietnamese
Опубликовано: H. Đại học Quốc gia 2007
Предметы:
Метки: Добавить метку
Нет меток, Требуется 1-ая метка записи!
Thư viện lưu trữ: Mạng thư viện Đại học Đà Nẵng
LEADER 01220nam a2200361 4500
001 000009816
003 6014
005 20130318090300.0
008 111103s2007 viesd
020 |c 33000 
041 0 |a vie 
082 |a 959.7  |b Chu 
245 0 |a Một số chuyên đề lịch sử Việt Nam  |c Trần Bá Đệ (ch.b) ; Nguyễn Cảnh Minh ; Đào Tố Uyên ; Nguyễn Ngọc Cơ.. 
260 |a H.  |b Đại học Quốc gia  |c 2007 
300 |a 416  |c 21 cm 
504 |a Thư mục tr : 403-404 
653 |a một số chuyên đề 
653 |a Lịch sử 
653 |a Việt Nam 
700 |a Trần Bá Đệ  |e ch.b 
700 |a Nguyễn Cảnh Minh 
700 |a Đào Tố Uyên.. 
910 |a Nguyễn Thị Kim Oanh  |d 3/11/2011 
OWN |a LSP 
AVA |a UDN50  |b LSP  |d 959.7 Chu  |e check_holdings  |t Error 5003 Not defined in file expand_doc_bib_avail.  |h N  |k 1 
999 |a From the UDN01 
AVA |a UDN50  |b LSP  |d 959.7 Chu  |e available  |t Error 5001 Not defined in file expand_doc_bib_avail.  |f 24  |g 3  |h N  |i 64  |k 1 
TYP |a Monograph 
TYP |a Printed language 
980 |a Mạng thư viện Đại học Đà Nẵng